| 000 | 00632nam a22002177a 4500 | ||
|---|---|---|---|
| 003 | OSt | ||
| 005 | 20171019201015.0 | ||
| 008 | 140630b xxu||||| |||| 00| 0 eng d | ||
| 020 | _a9781405859509 | ||
| 040 |
_aLDCLIB _cLDCLIB |
||
| 082 |
_222. _a343.410721 _bGRA |
||
| 100 | _aGraham, Cosmo | ||
| 245 |
_aEU and UK Competition Law / _c Cosmo Graham. |
||
| 260 |
_aLondon : _bPearson _c2010 |
||
| 300 |
_axliii, 539 p. ; _c25 cm. |
||
| 500 | _aIncludes Index | ||
| 650 |
_a Antitrust law _z Great Britain |
||
| 650 |
_a Antitrust law _z European Union countries |
||
| 650 | _aAntitrust law -- United States | ||
| 942 |
_2ddc _cBK |
||
| 999 |
_c5904 _d5904 |
||